000 00593nam a22002057a 4500
999 _c19443
_d19443
003 AR-CdUCM
008 190517b ||||| |||| 00| 0 spa d
040 _aMUNICIPALIDAD PROVINCIAL DEL CUSCO
_cBIBLIOTECA MUNICIPAL DEL CUSCO
082 _a869.56 /
_bAR74
100 _aArmijos, Gustavo
_925266
245 _aConversatorio /
260 _aLima :
_bHaraui,
_c1989.
300 _a48 paginas ;
_c22 cm.
505 _aContenido: El hombre ante el espejo
650 _aObra
_91250
650 _aLiteratura
_983
650 _aHistoria
_9136
942 _2ddc
_cLIBROS
945 _apjha
_d2019-05-17